Зависимость распростронения нефтепродуктов в грунтах от их состава (на примере г. Томска); Проблемы геологии и освоения недр; Т. 1

Dades bibliogràfiques
Parent link:Проблемы геологии и освоения недр: труды X Международного симпозиума имени академика М. А. Усова студентов и молодых ученых, посвященного 100-летию первого выпуска сибирских инженеров и 110-летию основания ТПУ; г. Томск, 3-8 апреля 2006 г./ Томский политехнический университет (ТПУ); Институт геологии и нефтегазового дела; под ред. В. А. Домаренко.— , 2007
Т. 1.— 2007.— С. 130-132
Autor principal: Бракоренко Н. Н. Наталья Николаевна
Altres autors: Емельянов Т. Я. (научный руководитель)
Idioma:rus
Publicat: 2007
Matèries:
Format: MixedMaterials Capítol de llibre
KOHA link:https://koha.lib.tpu.ru/cgi-bin/koha/opac-detail.pl?biblionumber=126169

MARC

LEADER 00000naa2a2200000 4500
001 126169
005 20240124163725.0
035 |a (RuTPU)RU\TPU\book\136501 
090 |a 126169 
100 |a 20071126d2007 k y0rusy50 ca 
101 0 |a rus 
102 |a RU 
200 1 |a Зависимость распростронения нефтепродуктов в грунтах от их состава (на примере г. Томска)  |f Н. Н. Бракоренко  |g науч. рук. Т. Я. Емельянов 
320 |a Библиогр.: 1 назв. 
461 0 |0 (RuTPU)RU\TPU\book\132777  |t Проблемы геологии и освоения недр  |o труды X Международного симпозиума имени академика М. А. Усова студентов и молодых ученых, посвященного 100-летию первого выпуска сибирских инженеров и 110-летию основания ТПУ; г. Томск, 3-8 апреля 2006 г.  |f Томский политехнический университет (ТПУ); Институт геологии и нефтегазового дела; под ред. В. А. Домаренко  |d 2007 
463 0 |0 (RuTPU)RU\TPU\book\93780  |t Т. 1  |v С. 130-132  |d 2007  |p 294 с. 
610 1 |a нефтепродукты 
610 1 |a грунты 
610 1 |a Томск 
610 1 |a автозаправочные станции 
610 1 |a техногенное воздействие 
610 1 |a геологическая среда 
610 1 |a труды учёных ТПУ 
700 1 |a Бракоренко  |b Н. Н.  |c гидрогеолог  |c доцент Томского политехнического университета, кандидат геолого-минералогических наук  |f 1981-  |g Наталья Николаевна  |3 (RuTPU)RU\TPU\pers\27898  |9 12913 
702 1 |a Емельянов  |b Т. Я.  |4 727 
801 1 |a RU  |b 63413507  |c 20071126  |g PSBO 
801 2 |a RU  |b 63413507  |c 20150409  |g RCR 
942 |c BK